Vyvarujte sa chýb pri inováciách

Inovácie a inovačný proces vývoja alebo redesignu výrobku. Inovácia ako eliminátor konfliktu medzi hodnotou pre zákazníka (úžitok-cena) a hodnotou pre podnik (cena-náklad). Poznanie problémov a potrieb zákazníkov. Benchmarking a trh konkurencie. Inovačné projekty a analýza rizík.

Guardado en:
Detalles Bibliográficos
Autor principal: Košturiak, Ján
Formato: Capítulo de libro
Lenguaje:eslovaco
Materias:
Etiquetas: Agregar Etiqueta
Sin Etiquetas, Sea el primero en etiquetar este registro!

MARC

LEADER 00000naa a2200000 4500
001 0121241
005 20230912094827.2
041 0 |a slo 
044 |a SK 
245 1 0 |a Vyvarujte sa chýb pri inováciách  |c Ján Košturiak 
520 |a Inovácie a inovačný proces vývoja alebo redesignu výrobku. Inovácia ako eliminátor konfliktu medzi hodnotou pre zákazníka (úžitok-cena) a hodnotou pre podnik (cena-náklad). Poznanie problémov a potrieb zákazníkov. Benchmarking a trh konkurencie. Inovačné projekty a analýza rizík. 
610 2 0 |a inovácia 
610 2 0 |a inovácia výrobkov 
610 2 0 |a hodnota pridaná spracovaním 
610 2 0 |a benchmarking 
610 2 0 |a spoľahlivosť výrobkov 
610 2 0 |a stupne kvality 
610 2 0 |a modernizácia 
610 2 0 |a efektívnosť inovácií 
610 2 0 |a konkurencia 
610 2 0 |a zákazníci 
100 1 |a Košturiak, Ján